000 00586nam a22001937a 4500
999 _c9425
_d9425
003 AR-CdUCM
008 190328b ||||| |||| 00| 0 spa d
020 _a968-16-4113-2
040 _aMUNICIPALIDAD PROVINCIAL DEL CUSCO
_cBIBLIOTECA MUNICIPAL DEL CUSCO
082 _aSI-0075 /
_bSMI / gra
100 _aSmith, Lane
_925607
245 _aLas grandes mascotas /
260 _aMéxico :
_bFondo de Cultura Económica,
_c1999.
300 _bIlustraciones.
_c27.5 cm.
500 _aPáginas sin numeración.
650 _aCuentos infantiles
_93927
942 _2ddc
_cLIBROS
945 _aafb